000 01881cam a2200301 4500
001 X121433
008 000000n2002 000 0 eng u
035 _a(Sirsi) u121433
245 _aPayne and others v John Setchell Ltd
260 _c2002
490 _aBuilding Law Reports
_v[2002] 10 BLR 489-521(33)
520 _aTCC, 16 March 2001. It was alleged that the defendants' (J) ground investigation and decision to have a raft foundation for four cottages were inaccurate and inappropriate and that they owed a duty of care in negligence to subsequent owners who suffered economic loss. "Held": J did not have a duty of care for purely economic loss or to review the design; J had a duty to avoid causing physical injury or loss or damage to other property, to take reasonable professional skill and care (to the original owners), to take care that statements in the certificate/letter were reliable, and under the Defective Premises Act 1971; the duty of care arising from the statements was not indefinite but would only be valid for 10 years. It was also ruled that the Limitations Act 1980 s14(a) does not apply to claims under the Defective Premises Act 1972 s1 (see also Abs64095).
650 _aBELLEFIELD COMPUTER SERVICES LTD AND OTHERS V E TURNER AND SONS
650 _aCONSULTANTS LIABILITIES
650 _aDEFECTIVE PREMISES ACT 1972
650 _aDEFECTIVE PREMISES ACT 1972 S1
650 _aDOE V THOMAS BATES AND SON
650 _aHEDLEY BYRNE AND CO LTD V HELLER AND PARTNERS LTD
650 _aHENDERSON V MERRETT SYNDICATES LTD
650 _aLATENT DAMAGE ACT 1986 S3
650 _aLATENT DEFECTS LIABILITY
650 _aLIMITATION ACT 1980 S14A
650 _aPROFESSIONAL NEGLIGENCE
650 _aMURPHY V BRENTWOOD DC
650 _aPAYNE AND OTHERS V JOHN SETCHELL LTD
690 _aBUILDING AND CONSTRUCTION-CASE LAW
942 _n0
999 _c102663
_d102663